| 000 | 02951nam0a2200397 4500 | ||
|---|---|---|---|
| 001 | RU\NLR\BIBL_A\022298646 | ||
| 005 | 20251201165949.0 | ||
| 010 |
_a978-5-392-41311-9 _91000 |
||
| 021 |
_aRU _bКН-П-24-037512 _9КН-П-24-3755 |
||
| 035 | _a(NLR Aleph) 022298646 | ||
| 090 |
_a13471428 _c13471428 |
||
| 100 | _a20240814d2024 u y0rusy50 ca | ||
| 101 | 0 | _arus | |
| 102 | _aRU | ||
| 105 | _aa|||j|||000yy | ||
| 181 | 0 |
_ai3 _baxxe |
|
| 182 | 0 | _an | |
| 200 | 1 |
_aКорпоративное право _eучебник _eдля обучающихся по образовательным программам высшего образования укрупненной группы специальностей и направлений подготовки 40.00.00 "Юриспруденция" _fАхрем Т. П., кандидат юридических наук, доцент, Беседин А. Н., кандидат юридических наук, доцент, Ельникова Е. В., кандидат юридических наук, доцент [и др.] _gответственный редактор: кандидат юридических наук А. Н. Беседин _gМинистерство науки и высшего образования Российской Федерации, Московский государственный юридический университет имени О. Е. Кутафина (МГЮА) |
|
| 203 |
_aТекст _bвизуальный _cнепосредственный |
||
| 210 |
_aМосква _cПроспект _d2024 |
||
| 215 |
_a519 с. _cил., табл. _d22 |
||
| 225 | 1 |
_aПриоритет 2030 _eлидерами становятся |
|
| 300 | _aАвт. указаны на обороте тит. с. | ||
| 320 | _aБиблиогр. в конце гл. и в подстроч. примеч. | ||
| 606 | 1 |
_aКорпорации _jУчебники для высших учебных заведений _xПравовое регулирование _yРоссийская Федерация _92181992 _3RU\NLR\AUTH\661312089 |
|
| 686 | 1 | _aХ623.012.096я73 | |
| 701 | 1 |
_7ca _8rus _aАхрем _bТ. П. _gТатьяна Петровна _9209128 _3RU\NLR\AUTH\770209182 |
|
| 701 | 1 |
_aБеседин _bА. Н. _cканд. юрид. наук _gАнатолий Николаевич _9209121 _3RU\NLR\AUTH\770209175 |
|
| 701 | 1 |
_aЕльникова _bЕ. В. _gЕлена Васильевна |
|
| 702 | 1 |
_4340 _aБеседин _bА. Н. _cканд. юрид. наук _gАнатолий Николаевич _9209121 _3RU\NLR\AUTH\770209175 |
|
| 712 | 0 | 2 |
_4570 _aМосковский государственный юридический университет им. О. Е. Кутафина _9357016 _3RU\NLR\AUTH\8810235884 |
| 942 | _cBOOK | ||
| 980 | _aNB | ||